000 00599nam a2200181 i 4500
001 34602
003 ES-MaACL
005 20230906154949.0
007 t|
008 030207s1971 sp ||||1| spa d
100 1 _aBlázquez, Niceto.
_929443
245 1 3 _aLa fabricación de niños en tubos de ensayo /
_cNiceto Blázquez ; prólogo, Enrique García Ortiz ; portada de María José Martín.
260 _aMadrid :
_bStudium,
_c[1971]
300 _a72 p. ;
_c19 cm.
700 1 _aGarcía Ortiz, Enrique.
_955065
700 1 _aMartín, María José.
_977351
852 _aES-MaACL
_jC-48162
_bR.77281
999 _c34602
_d34602